| 000 | 00564nam a2200181 i 4500 | ||
|---|---|---|---|
| 001 | 86804 | ||
| 003 | ES-MaACL | ||
| 005 | 20250208063125.0 | ||
| 007 | t| | ||
| 008 | 041215s1921 sp ||||1| spa d | ||
| 100 | 1 |
_aKipling, Rudyard, _d1865-1936 _968087 |
|
| 245 | 1 | 3 |
_aLa litera fantástica _b: cuentos / _cRudyard Kipling ; traducción y prólogo de Carlos Pereyra. |
| 260 |
_aMadrid : _bAtenea, _c1921. |
||
| 300 |
_a328 p. ; _c16 cm. |
||
| 700 | 1 |
_aPereyra, Carlos, _d1871-1942 _990541 |
|
| 852 |
_aES-MaACL _jF-2732 |
||
| 999 |
_c86804 _d86804 |
||